000 00521nam a2200217Ia 4500
003 0100
008 130303s9999 xx 000 0 und d
040 _cARRUPELIB
050 _aBP161.2.F3 1968
100 _aFarah, Caesar E
245 _aIslam
245 _bbeliefs and observances
260 _aWoodbury
260 _bBarron's Educational Series
260 _C1968
300 _axii
300 _b 306 p.21 cm
440 _aBarron's compact studies of world religions
650 _aRELIGION
942 0 0 _06
999 _c35825
_d35825